[Event "4NCL 3 South pool A"]
[Site "Maidenhead, ENG"]
[Date "2020.02.08"]
[Round "5.46"]
[White "Janota, Paul S"]
[Black "Combie, Alex B"]
[Result "1-0"]
[WhiteElo "1816"]
[BlackElo "1990"]
[PlyCount "47"]
[EventDate "2020.02.08"]
[WhiteTeam "Surbiton"]
[BlackTeam "Ashfield 1"]

1. e4 d5 2. exd5 Qxd5 3. Nc3 Qd6 4. d4 c6 5. Nf3 Nf6 6. Ne5 Bf5 7. Bc4 e6 8.
Bf4 Qd8 9. O-O Nd5 10. Nxd5 exd5 11. Re1 Be7 12. Bd3 Bxd3 13. Qxd3 O-O 14. Re3
Bd6 15. Rh3 g6 16. Bh6 Re8 17. f4 f5 18. Qg3 Bf8 19. Nxg6 Bxh6 20. Rxh6 Kf7 21.
Rxh7+ Ke6 22. Re1+ Kd6 23. Qa3+ c5 24. Qxc5# 1-0

[Event "4NCL 3 South pool A"]
[Site "Maidenhead, ENG"]
[Date "2020.02.09"]
[Round "6.11"]
[White "Brown, Thomas"]
[Black "Wilson, Jaimie"]
[Result "1-0"]
[WhiteElo "2116"]
[BlackElo "2112"]
[PlyCount "95"]
[EventDate "2020.02.09"]
[WhiteTeam "Rhyfelwyr Essyllwg"]
[BlackTeam "Wessex A"]

1. d4 Nf6 2. c4 e6 3. Nc3 Bb4 4. e3 O-O 5. Nf3 d5 6. Bd3 b6 7. cxd5 exd5 8. O-O
Nbd7 9. a3 Bd6 10. e4 dxe4 11. Nxe4 Be7 12. Re1 Bb7 13. Ng3 Re8 14. Ne5 c5 15.
Bb5 a6 16. Nc6 Bxc6 17. Bxc6 Ra7 18. d5 Bd6 19. Rxe8+ Qxe8 20. Bg5 Qe5 21. Qd2
h6 22. Bxf6 Nxf6 23. Re1 Qf4 24. Qxf4 Bxf4 25. Nf5 g6 26. Ne7+ Kf8 27. Nc8 Rc7
28. Nxb6 Re7 29. Rxe7 Kxe7 30. f3 Kd8 31. g3 Bc1 32. Nc4 Ng8 33. d6 Nf6 34. Kf2
Ne8 35. Bxe8 Kxe8 36. Ke2 Bg5 37. Kd3 Kd7 38. Ne5+ Ke6 39. f4 Bf6 40. b3 g5 41.
Kc4 gxf4 42. gxf4 h5 43. Kxc5 h4 44. b4 h3 45. a4 Bh4 46. Nf3 Bf2+ 47. Kc6 Be3
48. Ng5+ 1-0

[Event "4NCL 3 South pool A"]
[Site "Maidenhead, ENG"]
[Date "2020.02.09"]
[Round "6.12"]
[White "Lukosius, Rolandas"]
[Black "Hewitt, William"]
[Result "1/2-1/2"]
[WhiteElo "2114"]
[BlackElo "2002"]
[PlyCount "46"]
[EventDate "2020.02.09"]
[WhiteTeam "Wessex A"]
[BlackTeam "Rhyfelwyr Essyllwg"]

1. d4 Nf6 2. c4 g6 3. Nc3 d5 4. cxd5 Nxd5 5. e4 Nxc3 6. bxc3 Bg7 7. Nf3 c5 8.
Rb1 O-O 9. Be2 Nc6 10. d5 Ne5 11. Nxe5 Bxe5 12. Qd2 e6 13. c4 Qh4 14. Bd3 exd5
15. cxd5 f5 16. Qg5 Qxg5 17. Bxg5 fxe4 18. Bxe4 Bd6 19. f3 b6 20. Kf2 Kg7 21.
h4 h5 22. Rhe1 Bd7 23. Bd3 Rfe8 1/2-1/2

[Event "4NCL 3 South pool A"]
[Site "Maidenhead, ENG"]
[Date "2020.02.09"]
[Round "6.13"]
[White "Ralphs, Nigel"]
[Black "McDougall, William"]
[Result "0-1"]
[WhiteElo "1974"]
[BlackElo "2085"]
[PlyCount "96"]
[EventDate "2020.02.09"]
[WhiteTeam "Rhyfelwyr Essyllwg"]
[BlackTeam "Wessex A"]

1. c4 e5 2. Nc3 Bb4 3. Qc2 Nf6 4. Nf3 Nc6 5. e3 O-O 6. Nd5 a5 7. a3 Bc5 8. Ng5
g6 9. Nxf6+ Qxf6 10. Ne4 Qe7 11. Nxc5 Qxc5 12. Bd3 d5 13. cxd5 Qxd5 14. O-O Be6
15. Be4 Qb5 16. Bxc6 bxc6 17. d4 Bb3 18. Qc3 e4 19. Bd2 Bd5 20. b4 a4 21. f4 f5
22. Rac1 Kf7 23. Be1 Ke6 24. Bh4 h6 25. Qc5 Rf7 26. Qc3 Rg8 27. Qd2 Qd3 28.
Qxd3 exd3 29. Rfd1 g5 30. Bg3 Be4 31. Rd2 Kd7 32. Rf1 Rfg7 33. Rff2 Ke6 34.
fxg5 Rxg5 35. Bxc7 Bxg2 36. Bg3 Be4 37. Kf1 h5 38. Ke1 Kd5 39. Rb2 Kc4 40. Kd2
h4 41. Bxh4 Rg1 42. Bg3 Ra1 43. Rf4 Rxa3 44. Rf1 Rb3 45. Rc1+ Kxb4 46. Ra2 Rg6
47. Rc5 a3 48. Kc1 d2+ 0-1

[Event "4NCL 3 South pool A"]
[Site "Maidenhead, ENG"]
[Date "2020.02.09"]
[Round "6.14"]
[White "Cleary, Mark"]
[Black "Trevelyan, John"]
[Result "1-0"]
[WhiteElo "2063"]
[BlackElo "1999"]
[PlyCount "103"]
[EventDate "2020.02.09"]
[WhiteTeam "Wessex A"]
[BlackTeam "Rhyfelwyr Essyllwg"]

1. e4 d6 2. d4 e5 3. Nf3 Nc6 4. dxe5 Nxe5 5. Nxe5 dxe5 6. Qxd8+ Kxd8 7. Bc4 f6
8. Be3 c6 9. Nc3 Kc7 10. O-O-O Nh6 11. f3 b5 12. Bb3 Bb4 13. Ne2 Ba5 14. g4 Bb6
15. Bxh6 gxh6 16. Ng3 Bc5 17. Nh5 Be7 18. Ng7 Rd8 19. Rxd8 Kxd8 20. Rd1+ Kc7
21. Be6 Bxe6 22. Nxe6+ Kc8 23. Ng7 a6 24. Nf5 Bf8 25. Kd2 Kd7 26. Kc3+ Ke6 27.
h4 a5 28. h5 a4 29. Rd3 Rc8 30. b3 axb3 31. axb3 Ra8 32. Rd1 Rc8 33. Ra1 Kd7
34. Ra6 Rc7 35. Kd3 Rc8 36. c4 bxc4+ 37. Kxc4 Rc7 38. Ra8 Rc8 39. Rxc8 Kxc8 40.
b4 Kd7 41. b5 cxb5+ 42. Kxb5 Ba3 43. Nxh6 Bc1 44. Nf5 Bd2 45. Kc5 Be1 46. Kd5
Bf2 47. Ng7 Be3 48. Ne6 Ke7 49. Nc5 Bxc5 50. Kxc5 h6 51. Kd5 Kd7 52. g5 1-0

[Event "4NCL 3 South pool A"]
[Site "Maidenhead, ENG"]
[Date "2020.02.09"]
[Round "6.15"]
[White "Van Kemenade, Rudy"]
[Black "Tunks, Dominic R"]
[Result "1/2-1/2"]
[WhiteElo "1883"]
[BlackElo "2058"]
[PlyCount "46"]
[EventDate "2020.02.09"]
[WhiteTeam "Rhyfelwyr Essyllwg"]
[BlackTeam "Wessex A"]

1. e4 e5 2. Nf3 d6 3. Bc4 Be7 4. d3 c5 5. c3 Nc6 6. O-O Nf6 7. Ng5 O-O 8. f4 d5
9. Bb5 h6 10. Bxc6 hxg5 11. fxg5 Nxe4 12. Bxd5 Qxd5 13. dxe4 Qxe4 14. Nd2 Qe3+
15. Kh1 Qxg5 16. Nc4 Qh4 17. Nxe5 Be6 18. Qf3 Rad8 19. Bf4 Bd5 20. Qe3 Rfe8 21.
c4 Be6 22. Ng6 Qf6 23. Nxe7+ Qxe7 1/2-1/2

[Event "4NCL 3 South pool A"]
[Site "Maidenhead, ENG"]
[Date "2020.02.09"]
[Round "6.16"]
[White "Mcleod, Fraser"]
[Black "Jones, Derek"]
[Result "1/2-1/2"]
[WhiteElo "2025"]
[BlackElo "1963"]
[PlyCount "32"]
[EventDate "2020.02.09"]
[WhiteTeam "Wessex A"]
[BlackTeam "Rhyfelwyr Essyllwg"]

1. d4 Nf6 2. c4 g6 3. Nc3 d5 4. cxd5 Nxd5 5. e4 Nxc3 6. bxc3 Bg7 7. Nf3 c5 8.
Rb1 cxd4 9. cxd4 Qa5+ 10. Bd2 Qxa2 11. Bb5+ Bd7 12. Bxd7+ Nxd7 13. Rxb7 Qa6 14.
Rb4 Nb6 15. Qe2 Qa1+ 16. Qd1 Qa6 1/2-1/2

[Event "4NCL 3 South pool A"]
[Site "Maidenhead, ENG"]
[Date "2020.02.09"]
[Round "6.21"]
[White "Ratnesan, Ranesh"]
[Black "Dos Santos Oliveira, Sancho"]
[Result "1-0"]
[WhiteElo "2252"]
[BlackElo "2260"]
[PlyCount "89"]
[EventDate "2020.02.09"]
[WhiteTeam "Surbiton"]
[BlackTeam "CSC 1"]

1. Nf3 d5 2. g3 Nf6 3. Bg2 e6 4. b3 Be7 5. Bb2 O-O 6. c4 Nbd7 7. O-O c6 8. d3
b6 9. Nbd2 Re8 10. e4 Nf8 11. Qe2 Bb7 12. e5 N6d7 13. Rfd1 Rc8 14. Rac1 Rc7 15.
h4 Qb8 16. h5 h6 17. Nh2 Nh7 18. Ng4 Rd8 19. Nf3 Ndf8 20. d4 dxc4 21. Qxc4 c5
22. Qe2 Qa8 23. Ne3 Rcd7 24. dxc5 Bxc5 25. Rxd7 Rxd7 26. Ne1 Bxg2 27. N3xg2 Ng5
28. Kh2 Qd5 29. Bc3 Ne4 30. Nf4 Nxc3 31. Rxc3 Qd1 32. Rc2 Qxe2 33. Rxe2 Rd1 34.
Ned3 Be7 35. Rc2 Bg5 36. Kg2 Bxf4 37. Nxf4 Nd7 38. Rc8+ Kh7 39. Rd8 Rd2 40. Kf1
Rd4 41. a3 Rd2 42. Ke1 Rd4 43. Ke2 a5 44. Ke3 Rd1 45. a4 1-0

[Event "4NCL 3 South pool A"]
[Site "Maidenhead, ENG"]
[Date "2020.02.09"]
[Round "6.22"]
[White "Farrand, Tom"]
[Black "Seymour, Timothy P"]
[Result "1/2-1/2"]
[WhiteElo "2153"]
[BlackElo "2104"]
[PlyCount "57"]
[EventDate "2020.02.09"]
[WhiteTeam "CSC 1"]
[BlackTeam "Surbiton"]

1. c4 e6 2. g3 d5 3. Bg2 Nf6 4. Nf3 dxc4 5. Qa4+ Bd7 6. Qxc4 c5 7. Ne5 Qc8 8.
Nc3 Nc6 9. Nxd7 Qxd7 10. O-O Rc8 11. d3 Be7 12. Bg5 b6 13. Rad1 O-O 14. Qa4
Rfd8 15. h3 h6 16. Bc1 Ne8 17. b3 Nd6 18. Bb2 Bf6 19. Ba1 Qc7 20. Qg4 Qe7 21.
e3 Nf5 22. Nd5 exd5 23. Qxf5 Bxa1 24. Rxa1 d4 25. Rae1 Qe5 26. Qg4 Qd6 27. Bxc6
Rxc6 28. e4 Qe6 29. Qxe6 1/2-1/2

[Event "4NCL 3 South pool A"]
[Site "Maidenhead, ENG"]
[Date "2020.02.09"]
[Round "6.23"]
[White "Scott, David A"]
[Black "Frostick, Clive A"]
[Result "1/2-1/2"]
[WhiteElo "2140"]
[BlackElo "2091"]
[PlyCount "29"]
[EventDate "2020.02.09"]
[WhiteTeam "Surbiton"]
[BlackTeam "CSC 1"]

1. d4 d5 2. c4 e6 3. Nf3 a6 4. e3 Nf6 5. a3 dxc4 6. Bxc4 c5 7. O-O Qc7 8. dxc5
Bxc5 9. Qe2 Nc6 10. b4 Be7 11. Bb2 O-O 12. Nc3 b5 13. Ba2 Bb7 14. Rfd1 Rfd8 15.
Rxd8+ 1/2-1/2

[Event "4NCL 3 South pool A"]
[Site "Maidenhead, ENG"]
[Date "2020.02.09"]
[Round "6.24"]
[White "Bayat, Shohreh"]
[Black "Tambini, Jasper"]
[Result "1-0"]
[WhiteElo "2089"]
[BlackElo "2049"]
[PlyCount "75"]
[EventDate "2020.02.09"]
[WhiteTeam "CSC 1"]
[BlackTeam "Surbiton"]

1. d4 d5 2. Nc3 Nf6 3. Nf3 e6 4. Bf4 a6 5. a3 c5 6. e3 Nc6 7. Bd3 Bd6 8. Bxd6
Qxd6 9. dxc5 Qxc5 10. e4 d4 11. Ne2 e5 12. O-O Bg4 13. Ng3 h5 14. h3 h4 15.
hxg4 hxg3 16. Ng5 gxf2+ 17. Rxf2 Rh4 18. Qe2 Ke7 19. Raf1 Rah8 20. Nh3 Nd8 21.
b4 Qc8 22. g5 Nh5 23. Rf5 f6 24. Qf3 Ne6 25. gxf6+ gxf6 26. Rxh5 R4xh5 27.
Qxf6+ Kd6 28. Rf5 R5h6 29. Qxe5+ Ke7 30. Nf4 Rh1+ 31. Kf2 R8h6 32. Nxe6 Qxe6
33. Qc7+ Ke8 34. Re5 Rf6+ 35. Ke2 Rhf1 36. Rxe6+ Rxe6 37. Qc8+ Kf7 38. Qxe6+
1-0

[Event "4NCL 3 South pool A"]
[Site "Maidenhead, ENG"]
[Date "2020.02.09"]
[Round "6.25"]
[White "Shepherd, Paul D"]
[Black "Hasson, Peter"]
[Result "1/2-1/2"]
[WhiteElo "2110"]
[BlackElo "2095"]
[PlyCount "79"]
[EventDate "2020.02.09"]
[WhiteTeam "Surbiton"]
[BlackTeam "CSC 1"]

1. e4 c5 2. Nc3 Nc6 3. g3 g6 4. Bg2 Bg7 5. d3 d6 6. Nh3 Rb8 7. O-O e6 8. Be3
Nge7 9. Qd2 O-O 10. Bh6 b5 11. Bxg7 Kxg7 12. Ne2 e5 13. f4 f6 14. f5 Nd4 15. c3
Nxe2+ 16. Qxe2 b4 17. g4 g5 18. Nf2 Nc6 19. Rfb1 Bd7 20. Nd1 Be8 21. Ne3 Bf7
22. h4 h6 23. Qd2 Qb6 24. c4 a5 25. Kf2 Rh8 26. Rh1 a4 27. Rh3 a3 28. b3 Nd4
29. Rah1 Rbg8 30. Bf3 Qd8 31. Bd1 Qf8 32. Ke1 Qd8 33. Qh2 Nc6 34. Kd2 Nb8 35.
Qg2 Nd7 36. Qh2 Qe8 37. hxg5 hxg5 38. Rxh8 Rxh8 39. Qxh8+ Qxh8 40. Rxh8 1/2-1/2

[Event "4NCL 3 South pool A"]
[Site "Maidenhead, ENG"]
[Date "2020.02.09"]
[Round "6.26"]
[White "Fegan, Chris"]
[Black "Faulks, Nick"]
[Result "0-1"]
[WhiteElo "2061"]
[BlackElo "1900"]
[PlyCount "68"]
[EventDate "2020.02.09"]
[WhiteTeam "CSC 1"]
[BlackTeam "Surbiton"]

1. d4 Nf6 2. c4 c5 3. Nf3 cxd4 4. Nxd4 e5 5. Nb5 d5 6. cxd5 Bc5 7. Qc2 Na6 8.
N1c3 O-O 9. e4 Nb4 10. Qe2 a6 11. Na3 Ng4 12. Nd1 f5 13. f3 Nf6 14. Be3 Qa5 15.
Nc3 fxe4 16. Nc4 Qc7 17. fxe4 Ng4 18. d6 Bxd6 19. Bb6 Qe7 20. a3 Nc6 21. Nd5
Qh4+ 22. g3 Qh6 23. h3 Nd4 24. Bxd4 exd4 25. e5 d3 26. Qg2 Nxe5 27. Nxe5 Bxe5
28. Bxd3 Qd6 29. O-O-O Bf5 30. Bxf5 Rxf5 31. Kb1 Rf7 32. Rhe1 Qg6+ 33. Ka1 Qxg3
34. Qe4 Qxa3+ 0-1

[Event "4NCL 3 South pool A"]
[Site "Maidenhead, ENG"]
[Date "2020.02.09"]
[Round "6.31"]
[White "Byron, Alan M"]
[Black "Harley, Andrew D"]
[Result "1/2-1/2"]
[WhiteElo "2208"]
[BlackElo "2184"]
[PlyCount "48"]
[EventDate "2020.02.09"]
[WhiteTeam "The Rookies"]
[BlackTeam "Poisoned Pawns 1"]

1. e4 e6 2. d4 d5 3. Nd2 c5 4. exd5 Qxd5 5. Ngf3 cxd4 6. Bc4 Qd6 7. O-O Nf6 8.
Nb3 Nc6 9. Nbxd4 Nxd4 10. Nxd4 a6 11. Re1 Qc7 12. Bf1 Be7 13. Qf3 O-O 14. Bf4
Bd6 15. Bxd6 Qxd6 16. Rad1 Qc7 17. c4 Bd7 18. Qg3 Qxg3 19. hxg3 Rad8 20. b3 Bc8
21. Nf3 Rfe8 22. Ne5 Nd7 23. Nxd7 Bxd7 24. Rd2 Bc6 1/2-1/2

[Event "4NCL 3 South pool A"]
[Site "Maidenhead, ENG"]
[Date "2020.02.09"]
[Round "6.32"]
[White "Davison, Chris"]
[Black "Burrows, Martin P"]
[Result "1-0"]
[WhiteElo "2053"]
[BlackElo "2178"]
[PlyCount "95"]
[EventDate "2020.02.09"]
[WhiteTeam "Poisoned Pawns 1"]
[BlackTeam "The Rookies"]

1. e4 c5 2. Nf3 d6 3. d4 cxd4 4. Nxd4 Nf6 5. Nc3 a6 6. Be2 e5 7. Nb3 Be7 8. O-O
O-O 9. Be3 Be6 10. f4 exf4 11. Rxf4 Nc6 12. Nd5 Bxd5 13. exd5 Ne5 14. Rb4 Qc7
15. Bb6 Qc8 16. Na5 Nfd7 17. Bf2 Nc5 18. c3 f5 19. Kh1 Ne4 20. Be3 Rb8 21. Qb3
Nc5 22. Bxc5 Qxc5 23. Nc6 Nxc6 24. dxc6+ d5 25. Rxb7 Bd6 26. Bf3 Rxb7 27. cxb7
Kh8 28. Qxd5 Qc7 29. Qc6 Qe7 30. Rd1 Bb8 31. g3 Qe3 32. Bg2 h6 33. Qf3 Qe5 34.
Qd5 Qe2 35. Qd2 Qh5 36. Rf1 Bxg3 37. Bf3 Qh4 38. Qg2 Be5 39. Bg4 g6 40. Qh3 Qg5
41. Bf3 Kh7 42. Re1 Qf6 43. Qg2 Rd8 44. Qe2 Bd6 45. Qe6 Qh4 46. Qf7+ Kh8 47.
Re8+ Rxe8 48. Qxe8+ 1-0

[Event "4NCL 3 South pool A"]
[Site "Maidenhead, ENG"]
[Date "2020.02.09"]
[Round "6.33"]
[White "Jones, Christopher M"]
[Black "Byway, Paul V"]
[Result "1-0"]
[WhiteElo "2120"]
[BlackElo "2038"]
[PlyCount "91"]
[EventDate "2020.02.09"]
[WhiteTeam "The Rookies"]
[BlackTeam "Poisoned Pawns 1"]

1. e4 c5 2. Nc3 e6 3. g3 Nc6 4. Bg2 g6 5. Nge2 Bg7 6. O-O Nge7 7. d3 d6 8. Be3
b6 9. d4 Bb7 10. Qd2 O-O 11. Rad1 e5 12. dxc5 dxc5 13. Nd5 Nxd5 14. exd5 Nd4
15. c3 Nf5 16. c4 Nd6 17. b3 f5 18. Bh6 Qc7 19. Bxg7 Qxg7 20. Nc3 Rad8 21. a4
a5 22. Nb5 Bc8 23. Nxd6 Rxd6 24. Rfe1 Bd7 25. Qc3 e4 26. Qxg7+ Kxg7 27. f3 exf3
28. Bxf3 h5 29. Re7+ Rf7 30. Rxf7+ Kxf7 31. Kf2 Kf6 32. Re1 Kf7 33. h4 f4 34.
gxf4 Bf5 35. Be4 Bg4 36. Bc2 Rf6 37. Kg3 Bd7 38. Re5 Bg4 39. Rg5 Rd6 40. f5
gxf5 41. Kf4 Rf6 42. Bxf5 Bd1 43. Ke5 Bg4 44. Bxg4 hxg4 45. Rxg4 Rf3 46. Rf4+
1-0

[Event "4NCL 3 South pool A"]
[Site "Maidenhead, ENG"]
[Date "2020.02.09"]
[Round "6.34"]
[White "Finn, Peter"]
[Black "Compton, Alistair"]
[Result "1/2-1/2"]
[WhiteElo "2072"]
[BlackElo "2027"]
[PlyCount "96"]
[EventDate "2020.02.09"]
[WhiteTeam "Poisoned Pawns 1"]
[BlackTeam "The Rookies"]

1. e4 e6 2. d4 d5 3. Nc3 Nf6 4. e5 Nfd7 5. f4 c5 6. Nf3 Nc6 7. Be3 cxd4 8. Nxd4
Bc5 9. Qd2 O-O 10. O-O-O a6 11. Kb1 Bxd4 12. Bxd4 b5 13. g4 Nxd4 14. Qxd4 Qc7
15. Bd3 Rb8 16. g5 b4 17. Ne2 a5 18. Rc1 Nb6 19. c4 Nxc4 20. Bxc4 dxc4 21. Rxc4
Qb6 22. Qxb6 Rxb6 23. Rc5 a4 24. Rd1 h6 25. gxh6 gxh6 26. Rg1+ Kh7 27. Ng3 Ba6
28. Nh5 Rb5 29. Rcc1 Rb7 30. Nf6+ Kh8 31. Rg3 Rd8 32. Rcg1 Rbb8 33. Rh3 Bd3+
34. Ka1 Bg6 35. Rxh6+ Kg7 36. Rh7+ Kf8 37. Nd7+ Kg8 38. Nf6+ Kf8 39. Nd7+ Kg8
40. Nxb8 Kxh7 41. Nc6 Rd2 42. Nxb4 Rd4 43. a3 Rxf4 44. b3 axb3 45. Kb2 Re4 46.
Nc6 Rc4 47. Nb4 Re4 48. Nc6 Rc4 1/2-1/2

[Event "4NCL 3 South pool A"]
[Site "Maidenhead, ENG"]
[Date "2020.02.09"]
[Round "6.35"]
[White "Jaszkiwskyj, Peter"]
[Black "Rosen, Daniel B"]
[Result "0-1"]
[WhiteElo "1925"]
[BlackElo "1989"]
[PlyCount "64"]
[EventDate "2020.02.09"]
[WhiteTeam "The Rookies"]
[BlackTeam "Poisoned Pawns 1"]

1. d4 f5 2. Bg5 g6 3. Nd2 Bg7 4. c3 Nf6 5. Bxf6 Bxf6 6. e4 fxe4 7. Nxe4 O-O 8.
Bd3 e5 9. dxe5 Bxe5 10. Nf3 Bg7 11. Bc4+ Kh8 12. Qd2 Qe7 13. Nfg5 b5 14. Bb3
Bb7 15. f3 Na6 16. O-O-O d5 17. Ng3 Nc5 18. Bc2 b4 19. Ne2 bxc3 20. Nxc3 d4 21.
Nce4 d3 22. Bxd3 Bxe4 23. Nxe4 Nxe4 24. Bxe4 Rab8 25. b3 Qa3+ 26. Kb1 a5 27.
Bd5 a4 28. Qc1 Qd6 29. Qc2 Qf6 30. Kc1 axb3 31. Bxb3 c5 32. Rhe1 c4 0-1

[Event "4NCL 3 South pool A"]
[Site "Maidenhead, ENG"]
[Date "2020.02.09"]
[Round "6.36"]
[White "Kemp, Paul R"]
[Black "Gibson, Christopher A"]
[Result "0-1"]
[WhiteElo "2021"]
[BlackElo "1867"]
[PlyCount "76"]
[EventDate "2020.02.09"]
[WhiteTeam "Poisoned Pawns 1"]
[BlackTeam "The Rookies"]

1. e4 c5 2. c3 Nf6 3. e5 Nd5 4. d4 cxd4 5. Nf3 e6 6. cxd4 d6 7. Bc4 Nc6 8. O-O
Be7 9. Bd2 Qb6 10. Nc3 Nxc3 11. Bxc3 d5 12. Bd3 Bd7 13. Qd2 O-O 14. Rad1 f5 15.
exf6 Rxf6 16. Ne5 Nxe5 17. dxe5 Rf7 18. Bd4 Bc5 19. Bxc5 Qxc5 20. Rc1 Qb6 21.
Rce1 Bb5 22. Bxb5 Qxb5 23. Re3 Rc8 24. Rc1 Rfc7 25. Rec3 Rc4 26. b3 Rxc3 27.
Rxc3 Rc5 28. g3 b6 29. Kg2 Qb4 30. Rd3 Qe4+ 31. f3 Qxe5 32. Re3 Qf5 33. Re2 Qf6
34. g4 Rc3 35. f4 d4 36. Re5 Qh4 37. Qd1 Qh3+ 38. Kh1 d3 0-1

[Event "4NCL 3 South pool A"]
[Site "Maidenhead, ENG"]
[Date "2020.02.09"]
[Round "6.41"]
[White "Rudny, Tomasz"]
[Black "Mateu Guiu, Esteve"]
[Result "0-1"]
[WhiteElo "1952"]
[BlackElo "2162"]
[PlyCount "56"]
[EventDate "2020.02.09"]
[WhiteTeam "Oxford 3"]
[BlackTeam "Ashfield 1"]

1. d4 Nf6 2. Bg5 Ne4 3. h4 Nxg5 4. hxg5 g6 5. e3 Bg7 6. Nd2 d6 7. Bd3 c5 8. c3
Nc6 9. Qa4 Bd7 10. Qc2 Rc8 11. dxc5 dxc5 12. Ngf3 a6 13. a4 Qc7 14. Rh4 Ne5 15.
Nxe5 Qxe5 16. Nf3 Qe6 17. Ke2 h5 18. gxh6 Rxh6 19. Rxh6 Bxh6 20. Rh1 Bg7 21. c4
Bc6 22. Kf1 Rd8 23. Rh4 Qf6 24. b3 Bxf3 25. gxf3 Qxh4 26. Bxg6 fxg6 27. Qxg6+
Kf8 28. Qf5+ Bf6 0-1

[Event "4NCL 3 South pool A"]
[Site "Maidenhead, ENG"]
[Date "2020.02.09"]
[Round "6.42"]
[White "Walker, Andrew N"]
[Black "Terry, Sean"]
[Result "1/2-1/2"]
[WhiteElo "1937"]
[BlackElo "1914"]
[PlyCount "38"]
[EventDate "2020.02.09"]
[WhiteTeam "Ashfield 1"]
[BlackTeam "Oxford 3"]

1. e4 c6 2. d4 d5 3. exd5 cxd5 4. c4 Nf6 5. Nc3 Nc6 6. Bg5 dxc4 7. Nf3 e6 8.
Bxc4 Be7 9. O-O Nd5 10. Bxe7 Ncxe7 11. Qb3 O-O 12. Rfe1 b6 13. Nxd5 Nxd5 14.
Bxd5 Qxd5 15. Qxd5 exd5 16. Rac1 Be6 17. Ng5 Rfc8 18. Nxe6 fxe6 19. Kf1 Kf7
1/2-1/2

[Event "4NCL 3 South pool A"]
[Site "Maidenhead, ENG"]
[Date "2020.02.09"]
[Round "6.43"]
[White "Bush, Ian"]
[Black "Truman, Richard G"]
[Result "1/2-1/2"]
[WhiteElo "1870"]
[BlackElo "1990"]
[PlyCount "75"]
[EventDate "2020.02.09"]
[WhiteTeam "Oxford 3"]
[BlackTeam "Ashfield 1"]

1. e4 c5 2. d4 cxd4 3. c3 Nf6 4. e5 Nd5 5. Nf3 e6 6. cxd4 d6 7. a3 Qc7 8. Nc3
Nxc3 9. bxc3 Qxc3+ 10. Bd2 Qc7 11. Bd3 Nc6 12. O-O Be7 13. Rc1 Bd7 14. d5 exd5
15. Bf4 O-O 16. Bb1 Be6 17. Qd3 g6 18. h4 Qd7 19. h5 Bf5 20. Qxd5 dxe5 21. Qxd7
Bxd7 22. Nxe5 Nxe5 23. Bxe5 Bxa3 24. Rc7 Bc6 25. hxg6 hxg6 26. Bxg6 Rae8 27. f4
Bc5+ 28. Kh2 Bb6 29. Bxf7+ Rxf7 30. Rxf7 Kxf7 31. g4 Rd8 32. Rc1 Rd2+ 33. Kh3
Re2 34. g5 Kg6 35. Kg4 Rg2+ 36. Kh3 Kf5 37. Rxc6 bxc6 38. Kxg2 1/2-1/2

[Event "4NCL 3 South pool A"]
[Site "Maidenhead, ENG"]
[Date "2020.02.09"]
[Round "6.44"]
[White "Garnett, John S"]
[Black "Enescu, Tudor"]
[Result "1-0"]
[WhiteElo "1982"]
[BlackElo "1855"]
[PlyCount "81"]
[EventDate "2020.02.09"]
[WhiteTeam "Ashfield 1"]
[BlackTeam "Oxford 3"]

1. d4 Nf6 2. Bg5 d5 3. e3 h6 4. Bxf6 exf6 5. g3 Bf5 6. Nd2 c6 7. Bg2 Be7 8. Ne2
O-O 9. O-O Nd7 10. c4 dxc4 11. Nxc4 Nb6 12. b3 Re8 13. Nf4 Bf8 14. Re1 Qd7 15.
e4 Bh7 16. d5 cxd5 17. Nxb6 axb6 18. Nxd5 Rad8 19. Nxb6 Qb5 20. Nd5 Bb4 21. Re3
Bc5 22. Rd3 Kh8 23. a4 Qa5 24. b4 Bxf2+ 25. Kxf2 Qa7+ 26. Kf1 Bxe4 27. Bxe4
Rxe4 28. Nc3 Rxd3 29. Qxd3 Rxb4 30. Re1 g6 31. Qd8+ Kg7 32. Re8 Qa6+ 33. Ke1 h5
34. h4 g5 35. Rg8+ Kh7 36. Rh8+ Kg6 37. Qg8+ Kf5 38. Qh7+ Kg4 39. Qxh5+ Kxg3
40. hxg5 Qe6+ 41. Ne2+ 1-0

[Event "4NCL 3 South pool A"]
[Site "Maidenhead, ENG"]
[Date "2020.02.09"]
[Round "6.45"]
[White "Arora, Tashika"]
[Black "George, Andrew P"]
[Result "1-0"]
[WhiteElo "1787"]
[BlackElo "1975"]
[PlyCount "125"]
[EventDate "2020.02.09"]
[WhiteTeam "Oxford 3"]
[BlackTeam "Ashfield 1"]

1. d4 Nf6 2. Nf3 e6 3. Bf4 c5 4. e3 Nc6 5. Be2 b6 6. O-O Bb7 7. c4 d5 8. Nc3
Be7 9. cxd5 Nxd5 10. Nxd5 Qxd5 11. dxc5 Qxd1 12. Rfxd1 Bxc5 13. Rac1 Ke7 14. a3
a5 15. Bb5 Rac8 16. Ne5 Nxe5 17. Bxe5 Rhd8 18. Bxg7 f6 19. Bh6 e5 20. f3 Bd6
21. e4 Bc5+ 22. Kf1 Rxd1+ 23. Rxd1 Bd4 24. Rd2 Rc1+ 25. Ke2 Rb1 26. Be3 Rxb2
27. Rxb2 Bxb2 28. Bxb6 Bxa3 29. Bxa5 Bc8 30. Kd3 Be6 31. Bc4 Bxc4+ 32. Kxc4 Ke6
33. Bb4 Bc1 34. Kc5 Be3+ 35. Kc6 Bg1 36. h3 Be3 37. Bc5 Bd2 38. g4 Bf4 39. Bf2
Bd2 40. Kc7 Bb4 41. h4 Bd2 42. Kd8 Kf7 43. Kd7 Bc1 44. Bc5 Bd2 45. Be7 h6 46.
Bd8 Be3 47. Kd6 Bd2 48. h5 Be3 49. Bc7 Bd2 50. Kd5 Bf4 51. Bd6 Bd2 52. Bxe5
fxe5 53. Kxe5 Bg5 54. f4 Be7 55. Kf5 Bd8 56. g5 hxg5 57. fxg5 Be7 58. e5 Bf8
59. h6 Be7 60. g6+ Kg8 61. g7 Kh7 62. Ke6 Bg5 63. Kf7 1-0

[Event "4NCL 3 South pool A"]
[Site "Maidenhead, ENG"]
[Date "2020.02.09"]
[Round "6.46"]
[White "Combie, Alex B"]
[Black "Foster, Cyril"]
[Result "1/2-1/2"]
[WhiteElo "1990"]
[BlackElo "1810"]
[PlyCount "132"]
[EventDate "2020.02.09"]
[WhiteTeam "Ashfield 1"]
[BlackTeam "Oxford 3"]

1. Nf3 d5 2. g3 c6 3. Bg2 Bg4 4. O-O Nd7 5. d3 e6 6. c4 Bd6 7. Nc3 Ne7 8. Qc2
O-O 9. h3 Bxf3 10. Bxf3 Nf5 11. Bg2 Rc8 12. Qd1 Qc7 13. b3 a6 14. Bb2 Bc5 15.
Na4 Ba7 16. e4 Nxg3 17. Qg4 g6 18. cxd5 exd5 19. exd5 Nxf1 20. dxc6 bxc6 21.
Rxf1 Rce8 22. Rc1 Re6 23. Qc4 Ne5 24. Qc3 f6 25. Bd5 Qd6 26. Bxe6+ Qxe6 27. d4
Bxd4 28. Qg3 Qd5 29. Qg2 Nf3+ 30. Kh1 Bxb2 31. Nxb2 Qd2 32. Rf1 Qxb2 33. Qxf3
Qxa2 34. Qd3 Qb2 35. Re1 Qxf2 36. Re7 Rf7 37. Qc4 Qf3+ 38. Kh2 Qf2+ 39. Kh1
Qf3+ 40. Kh2 Qd5 41. Qxd5 cxd5 42. Re6 Rd7 43. Rxf6 d4 44. Rxa6 d3 45. Ra1 d2
46. Rd1 g5 47. Kg2 h5 48. b4 Kf8 49. b5 Ke7 50. b6 Kd8 51. Kf3 Kc8 52. Ke4 Kb7
53. Kf5 Kxb6 54. Kxg5 Rd5+ 55. Kf4 Kc5 56. Ke3 Kc4 57. Rxd2 Rxd2 58. Kxd2 Kd4
59. Ke2 Ke4 60. Kf2 Kf4 61. Kg2 h4 62. Kf2 Ke4 63. Ke2 Kf4 64. Kf2 Ke4 65. Ke2
Kf4 66. Kf2 Ke4 1/2-1/2

[Event "4NCL 3 South pool B"]
[Site "Maidenhead, ENG"]
[Date "2019.11.09"]
[Round "1.51"]
[White "Jones, Steven A"]
[Black "Hughes, Roy"]
[Result "1-0"]
[WhiteElo "2202"]
[BlackElo "2041"]
[PlyCount "55"]
[EventDate "2019.11.09"]
[WhiteTeam "West is Best 2"]
[BlackTeam "Iceni 1"]

1. d4 d5 2. Nf3 e6 3. c4 c6 4. g3 dxc4 5. Bg2 b5 6. a4 Bb7 7. O-O Nf6 8. Ne5
Nd5 9. b3 cxb3 10. Qxb3 a6 11. Rd1 Qc7 12. e4 Nf6 13. Bf4 Qc8 14. Nc3 b4 15.
Nc4 Nbd7 16. Ne2 a5 17. Nd6+ Bxd6 18. Bxd6 Nb6 19. Nf4 Qd7 20. Bc5 Ra6 21. Bf1
Nc8 22. Bxa6 Bxa6 23. d5 e5 24. Nd3 cxd5 25. exd5 Ne4 26. Nxe5 Nxc5 27. Qe3 Qe7
28. d6 1-0

[Event "4NCL 3 South pool B"]
[Site "Maidenhead, ENG"]
[Date "2019.11.09"]
[Round "1.52"]
[White "Jermy, Jaden"]
[Black "Taylor, William J"]
[Result "1/2-1/2"]
[WhiteElo "2087"]
[BlackElo "2002"]
[PlyCount "47"]
[EventDate "2019.11.09"]
[WhiteTeam "Iceni 1"]
[BlackTeam "West is Best 2"]

1. d4 Nf6 2. Nf3 g6 3. c4 Bg7 4. g3 O-O 5. Bg2 d6 6. O-O Nc6 7. h3 a6 8. Nc3
Rb8 9. d5 Na5 10. Qd3 c5 11. dxc6 Nxc6 12. Be3 Bf5 13. Qd2 Ne4 14. Nxe4 Bxe4
15. Bh6 Bxh6 16. Qxh6 Bxf3 17. exf3 b5 18. cxb5 Rxb5 19. Qd2 e6 20. Rfd1 d5 21.
Rac1 Qd6 22. f4 Rfb8 23. b3 Rb4 24. Qc3 1/2-1/2